Sprachgebrauch der AfD vor der Bundestagswahl 2017

Jazyková analýza volebného programu jednej z najväčších nemeckých politických strán – AfD (Alternatíva pre Nemecko). Objasnenie niektorých východiskových pojmov (politika, budovanie štátu, zákonodarstvo, Bundestag, voľby atď). Skúmanie, ktoré rétorické prostriedky sú najčastejšie používané a upredno...

ver descrição completa

Na minha lista:
Detalhes bibliográficos
Autor principal: Adamcová, Lívia
Formato: Capítulo de Livro
Idioma:alemão
Assuntos:
Tags: Adicionar Tag
Sem tags, seja o primeiro a adicionar uma tag!

MARC

LEADER 00000naa$a2200000$$$4500
001 0246393
005 20240502083657.8
041 0 |a ger 
044 |a DE 
245 1 0 |a Sprachgebrauch der AfD vor der Bundestagswahl 2017 
520 |a Jazyková analýza volebného programu jednej z najväčších nemeckých politických strán – AfD (Alternatíva pre Nemecko). Objasnenie niektorých východiskových pojmov (politika, budovanie štátu, zákonodarstvo, Bundestag, voľby atď). Skúmanie, ktoré rétorické prostriedky sú najčastejšie používané a uprednostňované v politickej komunikácii s voličmi, so zámerom získať ich pre uskutočnenie svojich politických cieľov. 
610 2 0 |a jazykoveda 
610 2 0 |a jazyk diplomatický 
610 2 0 |a rétorika 
610 2 0 |a strany politické 
610 2 0 |a voľby 
610 2 0 |a kampane volebné 
610 2 0 |a radikalizmus 
610 2 0 |a populizmus 
610 2 0 |a Nemecko 
100 1 |a Adamcová, Lívia